Music Quiz

Random Music or Lyrics Quiz

Elvis Presley Songs by Lyrics II Quiz Stats

 Plays Quiz not verified by Sporcle

Score 0/20 Timer 07:00
0 Plays Today
Song % Correct
Hound Dog
94.1%
Blue Suede Shoes
88.8%
Jailhouse Rock
75.1%
Suspicious Minds
74.1%
Devil in Disguise
60%
Kentucky Rain
49.8%
G.I. Blues
44.9%
Moody Blue
44.4%
Love Me Tender
43.4%
Viva Las Vegas
42.9%
Song % Correct
How Great Thou Art
37.1%
Surrender
31.2%
I Need Your Love Tonight
31.2%
Mama Liked the Roses
25.9%
Long Black Limousine
24.4%
Peace in the Valley
22.4%
Stranger in My Own Home Town
21.5%
For the Good Times
18%
Fool
15.1%
Solitaire
14.1%

You're not logged in!

Compare scores with friends on all Sporcle quizzes.
OR
Log In

Show Comments

Extras

Top Quizzes Today


Score Distribution

Your Account Isn't Verified!

In order to create a playlist on Sporcle, you need to verify the email address you used during registration. Go to your Sporcle Settings to finish the process.

Report this User

Report this user for behavior that violates our Community Guidelines.

Details: